Basic quantum mechanics / (Record no. 69549)
[ view plain ]
| 000 -LEADER | |
|---|---|
| fixed length control field | 00905nam a2200289 a 4500 |
| 001 - CONTROL NUMBER | |
| control field | 69549 |
| 003 - CONTROL NUMBER IDENTIFIER | |
| rucl marc code | BD-RjUL |
| 005 - DATE AND TIME OF LATEST TRANSACTION | |
| control field | 20211209081912.0 |
| 008 - FIXED-LENGTH DATA ELEMENTS--GENERAL INFORMATION | |
| fixed length control field | 170412r19831982enka 001 0 eng |
| 020 ## - INTERNATIONAL STANDARD BOOK NUMBER | |
| International Standard Book Number | 0333317688 (pbk.) |
| International Standard Book Number | 0333185994 (hard) |
| 035 ## - SYSTEM CONTROL NUMBER | |
| System control number | (BD-RjUL)69761 |
| 040 ## - CATALOGING SOURCE | |
| Original cataloging agency | DLC |
| Transcribing agency | DLC |
| Modifying agency | BD-RjUL |
| Language of cataloging | eng |
| 041 ## - LANGUAGE CODE | |
| Language code of text/sound track or separate title | eng |
| 082 00 - DEWEY DECIMAL CLASSIFICATION NUMBER | |
| Classification number | 530.12 |
| Edition number | 23 |
| Author mark and year | CAB 1983 |
| 100 1# - MAIN ENTRY--PERSONAL NAME | |
| Personal name | Cassels, J. M. |
| 9 (RLIN) | 205997 |
| 245 10 - TITLE STATEMENT | |
| Title | Basic quantum mechanics / |
| Statement of responsibility, etc. | J.M. Cassels. |
| 250 ## - EDITION STATEMENT | |
| Edition statement | 2nd ed rev. |
| 260 ## - PUBLICATION, DISTRIBUTION, ETC. (IMPRINT) | |
| Place of publication, distribution, etc. | London : |
| Name of publisher, distributor, etc. | Macmillan ; |
| Place of publication, distribution, etc. | Great Neck, N.Y. : |
| Name of publisher, distributor, etc. | Distributed by Scholium International, |
| Date of publication, distribution, etc. | c1982 [reprinted 1983]. |
| 300 ## - PHYSICAL DESCRIPTION | |
| Pagination | xiii, 205 p. : |
| Illustrations | ill. ; |
| Size | 22 cm. |
| 500 ## - GENERAL NOTE | |
| General note | Distributor from label on p. 2 of cover. |
| General note | Includes index. |
| 650 #0 - SUBJECT ADDED ENTRY--TOPICAL TERM | |
| Topical term or geographic name as entry element | Quantum theory. |
| 9 (RLIN) | 205998 |
| Topical term or geographic name as entry element | Particles (Nuclear physics) |
| 9 (RLIN) | 205999 |
| 942 ## - ADDED ENTRY ELEMENTS (KOHA) | |
| Source of classification or shelving scheme | Dewey Decimal Classification |
| Koha item type | Books |
| Lost status | Source of classification or shelving scheme | Damaged status | Not for loan | Collection code | Permanent Location | Current Location | Shelving location | Date acquired | Source of acquisition | Total Checkouts | Full call number | Date last seen | Copy number | Koha item type |
|---|---|---|---|---|---|---|---|---|---|---|---|---|---|---|
| Dewey Decimal Classification | Not For Loan | Non-fiction | Central Library, University of Rajshahi | Central Library, University of Rajshahi | Reading Room | 02/07/1988 | Asia Foundation | 530.12 CAB 1983 | 12/04/2017 | C-1 | Books |